[Event "Ct. Catalunya femeni"]
[Site "?"]
[Date "2013.03.29"]
[Round "2"]
[White "Arno Bendicho, X."]
[Black "Martinez Arranz, L."]
[Result "1-0"]
[WhiteElo "1609"]
[BlackElo "1373"]
[PlyCount "55"]
[EventDate "2013.??.??"]
[EventType "swiss"]
[EventRounds "5"]

1. c4 e5 2. Nc3 Nf6 3. g3 Nc6 4. Bg2 d6 5. e3 Be7 6. Nge2 O-O 7. O-O Be6 8. b3
Qd7 9. d4 exd4 10. Nxd4 Nxd4 11. Qxd4 c6 12. Bb2 d5 13. cxd5 Nxd5 14. Nxd5 f6
15. Nxe7+ Qxe7 16. Rfd1 Rfd8 17. Qe4 Rxd1+ 18. Rxd1 Qf7 19. Ba3 Re8 20. Qd4 a6
21. Qb6 h6 22. Rd8 Rxd8 23. Qxd8+ Kh7 24. Be4+ g6 25. Bb2 Bd5 26. Bxd5 Qxd5 27.
Qxd5 cxd5 28. Bxf6 1-0

[Event "Ct. Catalunya femeni"]
[Site "?"]
[Date "2013.03.29"]
[Round "2"]
[White "Cabanillas Roca, F."]
[Black "Terrones Launes, M."]
[Result "1-0"]
[WhiteElo "1798"]
[BlackElo "1975"]
[PlyCount "89"]
[EventDate "2013.??.??"]
[EventType "swiss"]
[EventRounds "5"]

1. e4 e5 2. Nf3 Nc6 3. d4 exd4 4. Nxd4 Bc5 5. Be3 Qf6 6. c3 Nge7 7. g3 d5 8.
Bg2 dxe4 9. O-O O-O 10. Nxc6 Qxc6 11. Bxc5 Qxc5 12. Bxe4 Bh3 13. Bg2 Bxg2 14.
Kxg2 Rad8 15. Qc2 Qd5+ 16. Kg1 Ng6 17. f4 Rfe8 18. Na3 Qc5+ 19. Qf2 Qc6 20. Nc2
Ne7 21. Nd4 Qc4 22. Rfe1 Nd5 23. Rxe8+ Rxe8 24. Re1 Rxe1+ 25. Qxe1 Kf8 26. a3
Qd3 27. Qe2 Qb1+ 28. Kf2 Nf6 29. Kf3 c5 30. Nb5 a6 31. Nd6 Qh1+ 32. Ke3 Qd5 33.
Qd3 Ng4+ 34. Kd2 Qxd3+ 35. Kxd3 b6 36. h3 Nf6 37. g4 Nd7 38. Ke4 h5 39. g5 Ke7
40. Kd5 f6 41. g6 b5 42. Nf5+ Kf8 43. Kc6 Ke8 44. Nxg7+ Kd8 45. Nxh5 1-0

[Event "Ct. Catalunya femeni"]
[Site "?"]
[Date "2013.03.29"]
[Round "2"]
[White "Las Heras Aixandri, S."]
[Black "Martin Dinares, L."]
[Result "1-0"]
[WhiteElo "1559"]
[BlackElo "1565"]
[PlyCount "95"]
[EventDate "2013.??.??"]
[EventType "swiss"]
[EventRounds "5"]

1. e4 e5 2. Nf3 Nc6 3. Bb5 Nge7 4. O-O d6 5. c3 a6 6. Ba4 b5 7. Bc2 d5 8. exd5
Nxd5 9. d4 exd4 10. cxd4 Be7 11. Nc3 O-O 12. Nxd5 Qxd5 13. Qd3 g6 14. Bh6 Re8
15. Bb3 Qf5 16. Qc3 Bb7 17. Ne5 Nxe5 18. dxe5 c5 19. e6 f6 20. Rfe1 c4 21. Bc2
Qg4 22. Qg3 Qxg3 23. hxg3 g5 24. Be4 Bxe4 25. Rxe4 Rad8 26. f4 Bc5+ 27. Kh2 Rd4
28. Rae1 Rd5 29. fxg5 fxg5 30. Re5 Rxe5 31. Rxe5 Be7 32. Bxg5 Bxg5 33. Rxg5+
Kf8 34. Rf5+ Kg8 35. Re5 Kg7 36. Kg1 Kf6 37. Rh5 Rxe6 38. Rh6+ Ke5 39. Rxh7 Kf5
40. Rf7+ Rf6 41. Rxf6+ Kxf6 42. Kf2 Kf5 43. Ke3 Kg4 44. Kd4 Kxg3 45. Kc5 Kxg2
46. a3 Kf3 47. Kb6 Ke4 48. Kxa6 1-0

[Event "Ct. Catalunya femeni"]
[Site "?"]
[Date "2013.03.29"]
[Round "2"]
[White "Marin Benito, C."]
[Black "Muratet Carmona, A."]
[Result "1-0"]
[WhiteElo "1895"]
[BlackElo "1708"]
[PlyCount "67"]
[EventDate "2013.??.??"]
[EventType "swiss"]
[EventRounds "5"]

1. e4 c5 2. Nc3 Nc6 3. g3 e6 4. Bg2 Nf6 5. d3 h6 6. f4 d5 7. e5 Nd7 8. Nf3 f6
9. Nh4 Qc7 10. Qh5+ Kd8 11. Ng6 Rg8 12. Nxd5 exd5 13. Bxd5 Nd4 14. O-O Nxc2 15.
Bxg8 Nxa1 16. e6 c4 17. d4 Qd6 18. Re1 Nc2 19. Rd1 Nb6 20. Qe2 Nb4 21. Nxf8
Qxf8 22. Bh7 Qe8 23. f5 Ke7 24. Qg4 Qf8 25. d5 N4xd5 26. b3 Nb4 27. Ba3 a5 28.
Qd4 Bxe6 29. Qd6+ Ke8 30. Qxb6 Bf7 31. Qb5+ Ke7 32. Qxb7+ Ke8 33. Qxa8+ Ke7 34.
Qe4+ 1-0

[Event "Ct. Catalunya femeni"]
[Site "?"]
[Date "2013.03.29"]
[Round "2"]
[White "Muratet Carmona, J."]
[Black "Martin Dinares, S."]
[Result "0-1"]
[WhiteElo "1737"]
[BlackElo "1640"]
[PlyCount "140"]
[EventDate "2013.??.??"]
[EventType "swiss"]
[EventRounds "5"]

1. e4 e5 2. Nf3 Nc6 3. d4 exd4 4. Bc4 Nf6 5. e5 d5 6. Bb5 Ne4 7. Nxd4 Bc5 8.
O-O Bd7 9. Nb3 Nxe5 10. Bxd7+ Nxd7 11. Qxd5 Qe7 12. Nxc5 Nexc5 13. Bg5 f6 14.
Be3 O-O-O 15. Nc3 Rhe8 16. b4 Na6 17. Bxa7 Nxb4 18. Qf3 Nc5 19. Qg4+ Ne6 20.
Rab1 Nc6 21. Qa4 Nxa7 22. Qxa7 Qc5 23. Qxb7+ Kd7 24. Qd5+ Qxd5 25. Nxd5 Nd4 26.
Rbd1 Ne2+ 27. Kh1 Kc6 28. Ne3 Nc3 29. Rxd8 Rxd8 30. a3 Rd2 31. g3 Nd5 32. Nf5
g6 33. Ne3 f5 34. Rd1 Rxd1+ 35. Nxd1 Kb5 36. Kg2 Ka4 37. c4 Nf6 38. Nc3+ Kb3
39. Nb5 c5 40. Nd6 Ne4 41. Nf7 Kxc4 42. f3 Nf6 43. Kf2 Kb3 44. Ke3 c4 45. Ne5
c3 46. Kd3 c2 47. Kd2 Kb2 48. Nd3+ Kb1 49. a4 Nd5 50. a5 g5 51. a6 Nb4 52. a7
Nxd3 53. Kxd3 c1=Q 54. a8=Q Qc2+ 55. Kd4 Qxh2 56. Qb7+ Kc1 57. Qc8+ Kd1 58.
Qxf5 Qxg3 59. Qxh7 Qh4+ 60. Qxh4 gxh4 61. Ke5 h3 62. f4 h2 63. f5 h1=Q 64. f6
Qh8 65. Ke6 Qf8 66. f7 Ke2 67. Kf6 Kf3 68. Ke6 Kg4 69. Kf6 Kh5 70. Ke6 Kg6 0-1

[Event "Ct. Catalunya femeni"]
[Site "?"]
[Date "2013.03.29"]
[Round "2"]
[White "Riera Morilla, E."]
[Black "Peñas Hernandez, Y."]
[Result "1-0"]
[WhiteElo "1976"]
[BlackElo "2009"]
[PlyCount "69"]
[EventDate "2013.??.??"]
[EventType "swiss"]
[EventRounds "5"]

1. e4 e5 2. Nf3 Nc6 3. Bb5 a6 4. Ba4 Nf6 5. d3 b5 6. Bb3 Bc5 7. O-O O-O 8. Bg5
h6 9. Bh4 d6 10. c3 Bg4 11. Nbd2 g5 12. Bg3 Nh5 13. Bd5 Qe8 14. Re1 Rd8 15.
Bxc6 Qxc6 16. Nxe5 dxe5 17. Qxg4 Rxd3 18. Nf3 Nf6 19. Qf5 Qb6 20. Nxe5 Rd2 21.
b4 Be7 22. Nf3 Rd3 23. e5 Rd5 24. Nxg5 hxg5 25. Qxg5+ Kh8 26. Qh4+ Kg7 27.
exf6+ Bxf6 28. Qg4+ Rg5 29. Qf3 Rh8 30. Rad1 Rhh5 31. Bf4 Rf5 32. g4 Rxf4 33.
Qxf4 Rh3 34. g5 Bxc3 35. Re7 1-0

[Event "Ct. Catalunya femeni"]
[Site "?"]
[Date "2013.03.29"]
[Round "2"]
[White "Ruiz Font, E."]
[Black "Montoliu Daroca, I."]
[Result "1-0"]
[WhiteElo "2062"]
[BlackElo "1799"]
[PlyCount "113"]
[EventDate "2013.??.??"]
[EventType "swiss"]
[EventRounds "5"]

1. e4 c5 2. Nf3 d6 3. d4 cxd4 4. Qxd4 Bg4 5. Bb5+ Nd7 6. Nbd2 e5 7. Qd3 Ngf6 8.
h3 Bh5 9. O-O Be7 10. Nc4 Qc7 11. Bg5 O-O-O 12. Bxd7+ Rxd7 13. Bxf6 Bxf6 14.
Nfd2 Bg6 15. Ne3 d5 16. Qa3 dxe4 17. Nb3 Kb8 18. c4 Be7 19. Qa4 Rc8 20. Rfd1
Rd3 21. Nd5 Qd8 22. Na5 Bc5 23. b4 Bf8 24. Qb5 b6 25. Nc6+ Rxc6 26. Qxc6 f6 27.
a4 Be8 28. Qe6 Bd7 29. Qf7 Bf5 30. a5 Rxd1+ 31. Rxd1 Bxb4 32. axb6 axb6 33. Ra1
Ba5 34. c5 Qd7 35. Qxd7 Bxd7 36. cxb6 Bd2 37. Rd1 Ba5 38. Nxf6 Bxh3 39. gxh3
gxf6 40. Rd6 f5 41. Re6 Bc3 42. Re7 h6 43. Kf1 f4 44. Ke2 Bd4 45. Re6 h5 46.
Rh6 f3+ 47. Kf1 e3 48. fxe3 Bxe3 49. Rxh5 e4 50. Re5 Bxb6 51. Rxe4 Kc8 52. h4
Ba5 53. Kf2 Kd7 54. Kxf3 Bc3 55. h5 Kd6 56. h6 Kd7 57. Kg4 1-0

[Event "Ct. Catalunya femeni"]
[Site "?"]
[Date "2013.03.30"]
[Round "3"]
[White "Marin Benito, C."]
[Black "Ruiz Font, E."]
[Result "0-1"]
[WhiteElo "1895"]
[BlackElo "2062"]
[PlyCount "98"]
[EventDate "2013.??.??"]
[EventType "swiss"]
[EventRounds "5"]

1. e4 c5 2. Nc3 Nc6 3. g3 g6 4. Bg2 Bg7 5. d3 d6 6. Be3 e5 7. Qc1 Nge7 8. Bh6
Bxh6 9. Qxh6 Nd4 10. Qd2 Qa5 11. Nd1 Nxc2+ 12. Ke2 Qxd2+ 13. Kxd2 Nxa1 14. Nc3
Be6 15. Nh3 Nb3+ 16. axb3 Bxb3 17. f4 a6 18. Rf1 b5 19. fxe5 dxe5 20. Rf6 O-O
21. Ng5 Kg7 22. Rb6 Rfb8 23. Rd6 Rd8 24. Rb6 Ra7 25. Ke3 Rad7 26. Bf1 b4 27.
Nb1 Bc2 28. Nd2 Bxd3 29. Bh3 Rc7 30. Ndf3 Bxe4 31. Kxe4 h6 32. Nxf7 Kxf7 33.
Nxe5+ Kg7 34. Nf3 a5 35. Rb5 a4 36. Ra5 c4 37. Rxa4 c3 38. bxc3 bxc3 39. Ne1 c2
40. Nxc2 Rxc2 41. Ra7 Kf6 42. Ra6+ Rc6 43. Ra2 Nf5 44. Rf2 Rd4+ 45. Kf3 Rc3+
46. Kg2 Kg5 47. Bxf5 gxf5 48. Kf1 Rdc4 49. Kg2 Rc2 0-1

[Event "Ct. Catalunya femeni"]
[Site "?"]
[Date "2013.03.30"]
[Round "3"]
[White "Martin Dinares, S."]
[Black "Cabanillas Roca, F."]
[Result "0-1"]
[WhiteElo "1640"]
[BlackElo "1798"]
[PlyCount "102"]
[EventDate "2013.??.??"]
[EventType "swiss"]
[EventRounds "5"]

1. c4 e5 2. Nc3 Nf6 3. g3 c6 4. e4 Bc5 5. Bg2 d6 6. Nge2 Bg4 7. d3 Nbd7 8. Qc2
Nb6 9. Bg5 h6 10. Be3 Qd7 11. Bxc5 dxc5 12. h3 Be6 13. f4 exf4 14. Nxf4 O-O-O
15. O-O-O Rhe8 16. Rhf1 Qc7 17. Nxe6 Rxe6 18. Qf2 Qe5 19. Kc2 Red6 20. Qf5+
Nbd7 21. Ne2 Kc7 22. Qf2 Nh7 23. Qe3 Rf6 24. Rxf6 Ndxf6 25. d4 cxd4 26. Rxd4
Rxd4 27. Qxd4 Qxd4 28. Nxd4 g6 29. c5 Nh5 30. Ne2 Kd7 31. g4 Ng7 32. Nd4 Ne6
33. Nxe6 Kxe6 34. Kd3 Ke5 35. Ke3 Ng5 36. b4 Ne6 37. a4 f6 38. Bf1 Nd4 39. Kd3
Nf3 40. Ke3 Ng5 41. Bg2 Ne6 42. Bf1 a5 43. b5 Nxc5 44. h4 Nxa4 45. bxc6 bxc6
46. g5 fxg5 47. hxg5 hxg5 48. Bd3 Nc5 49. Bb1 a4 50. Kf3 a3 51. Ke3 Nxe4 0-1

[Event "Ct. Catalunya femeni"]
[Site "?"]
[Date "2013.03.30"]
[Round "3"]
[White "Martinez Arranz, L."]
[Black "Muratet Carmona, J."]
[Result "0-1"]
[WhiteElo "1373"]
[BlackElo "1737"]
[PlyCount "90"]
[EventDate "2013.??.??"]
[EventType "swiss"]
[EventRounds "5"]

1. e4 e5 2. Nf3 Nc6 3. Bc4 Bc5 4. c3 Nf6 5. d4 exd4 6. cxd4 Bb4+ 7. Nc3 Nxe4 8.
O-O Bxc3 9. bxc3 O-O 10. Qc2 d5 11. Bd3 Re8 12. Re1 Nf6 13. Bg5 Be6 14. Bxh7+
Kf8 15. Bd3 Qd6 16. Bxf6 gxf6 17. Nh4 Qf4 18. Bf5 Qxh4 19. Bxe6 fxe6 20. Qg6
Qg5 21. Qxg5 fxg5 22. Re3 Re7 23. Rae1 Rae8 24. Rg3 Rg7 25. Rge3 Kf7 26. Rf3+
Kg6 27. Rfe3 Rge7 28. Rg3 e5 29. dxe5 Rxe5 30. Rxe5 Rxe5 31. f4 Rf5 32. fxg5
Rxg5 33. Rxg5+ Kxg5 34. Kf2 Kf4 35. g3+ Ke4 36. Ke2 Ne5 37. h3 Nf3 38. h4 d4
39. cxd4 Nxd4+ 40. Kd2 Kf3 41. h5 Nf5 42. Kd3 Kxg3 43. Ke4 Kg4 44. Ke5 Nh6 45.
Kd5 Kxh5 0-1

[Event "Ct. Catalunya femeni"]
[Site "?"]
[Date "2013.03.30"]
[Round "3"]
[White "Montoliu Daroca, I."]
[Black "Arno Bendicho, X."]
[Result "1/2-1/2"]
[WhiteElo "1799"]
[BlackElo "1609"]
[PlyCount "180"]
[EventDate "2013.??.??"]
[EventType "swiss"]
[EventRounds "5"]

1. d4 d5 2. c4 e6 3. Nc3 Nf6 4. Bg5 Be7 5. Nf3 b6 6. Bxf6 Bxf6 7. cxd5 exd5 8.
e3 O-O 9. Be2 Bb7 10. O-O Nd7 11. Qb3 c6 12. Rac1 Re8 13. Rfe1 Nf8 14. Qa4 Qd6
15. Ba6 Re7 16. Bxb7 Rxb7 17. e4 Be7 18. exd5 cxd5 19. Qb3 Rd8 20. Re5 Qh6 21.
Rce1 Bf6 22. Rxd5 Rxd5 23. Nxd5 Rd7 24. Nxf6+ Qxf6 25. Qa3 Ne6 26. h3 h6 27.
Qa4 Rd8 28. Qxa7 Nxd4 29. Nxd4 Qxd4 30. Qa3 Qd2 31. Qc3 Qd5 32. b3 Qd6 33. Qc2
Qd7 34. Qe2 Qd6 35. Qe3 b5 36. Qc3 Qd7 37. Rc1 Qd5 38. Qc5 Qd7 39. Qc6 Qd3 40.
Qc3 Qd7 41. Re1 Qd6 42. Qa5 Qd7 43. Qb4 Qd5 44. Rc1 Qd7 45. a4 bxa4 46. Qxa4
Qb7 47. b4 Rb8 48. Rb1 Qe4 49. Qb3 Qc6 50. b5 Qb6 51. Qe3 Qg6 52. Rb2 Qf6 53.
Qe2 Qb6 54. Qe5 Rd8 55. Kh2 Rb8 56. Rb3 Rd8 57. Rf3 Rf8 58. Rg3 g6 59. Qe3 Qxb5
60. Qxh6 Qe5 61. Qe3 Qd6 62. f4 Qf6 63. Qe5 Kg7 64. Qxf6+ Kxf6 65. Ra3 Rb8 66.
g4 Rb5 67. Kg3 Kg7 68. g5 Rb6 69. Re3 Rc6 70. Kg4 Rc7 71. h4 Rc5 72. Re5 Rc1
73. Re3 Rc5 74. Rf3 Rc4 75. h5 gxh5+ 76. Kxh5 Rc1 77. Kg4 Rc4 78. Re3 Ra4 79.
Kf5 Ra6 80. Kg4 Ra4 81. Rf3 Rb4 82. Kh5 Rb1 83. f5 Rh1+ 84. Kg4 Rg1+ 85. Rg3
Re1 86. Rh3 Rg1+ 87. Kh5 Rg2 88. f6+ Kh7 89. Rh4 Rg1 90. Rh3 Rg2 1/2-1/2

[Event "Ct. Catalunya femeni"]
[Site "?"]
[Date "2013.03.30"]
[Round "3"]
[White "Muratet Carmona, A."]
[Black "Las Heras Aixandri, S."]
[Result "0-1"]
[WhiteElo "1708"]
[BlackElo "1559"]
[PlyCount "92"]
[EventDate "2013.??.??"]
[EventType "swiss"]
[EventRounds "5"]

1. e4 c5 2. Nf3 Nc6 3. d4 cxd4 4. Nxd4 g6 5. Nc3 Bg7 6. Be3 Nf6 7. f3 O-O 8.
Qd2 d5 9. Nxc6 bxc6 10. Rd1 Rb8 11. b3 Qa5 12. exd5 cxd5 13. Nxd5 Nxd5 14. Qxa5
Bc3+ 15. Kf2 Bxa5 16. Rxd5 Bc3 17. Bd4 Be6 18. Bxc3 Bxd5 19. Bd3 Rbc8 20. Bd4
a6 21. c4 Be6 22. Rc1 Rfd8 23. Ke3 Rd7 24. Bb6 Bf5 25. Be2 Rc6 26. c5 Re6+ 27.
Kf4 Rxe2 28. c6 Rd6 29. a4 Rxg2 30. Rc3 Rxh2 31. Ke3 Rc2 32. Rxc2 Bxc2 33. c7
Rc6 34. Kd4 Bxb3 35. a5 h5 36. Ke5 h4 37. Kf4 g5+ 38. Kxg5 h3 39. Bg1 Rxc7 40.
Kh4 Rc1 41. Bh2 Be6 42. Kg3 Rc5 43. Bg1 Rxa5 44. Bb6 Rg5+ 45. Kh2 a5 46. Bxa5
Rxa5 0-1

[Event "Ct. Catalunya femeni"]
[Site "?"]
[Date "2013.03.30"]
[Round "3"]
[White "Peñas Hernandez, Y."]
[Black "Martin Dinares, L."]
[Result "1-0"]
[WhiteElo "2009"]
[BlackElo "1565"]
[PlyCount "79"]
[EventDate "2013.??.??"]
[EventType "swiss"]
[EventRounds "5"]

1. e4 e5 2. Nf3 Nc6 3. Bb5 Nf6 4. d3 Bc5 5. O-O h6 6. Bxc6 bxc6 7. Nxe5 Qe7 8.
d4 Bb6 9. Re1 Bb7 10. Nc4 O-O 11. Nxb6 cxb6 12. e5 Rae8 13. Bd2 Nh7 14. Nc3 d6
15. Qg4 Qe6 16. Qxe6 Rxe6 17. f4 dxe5 18. dxe5 Rd8 19. Ne4 Rd4 20. Bc3 Rd7 21.
a4 c5 22. Nd6 Bc6 23. f5 Ree7 24. Nxf7 Re8 25. e6 Rd5 26. Ne5 Bb7 27. Rad1 Nf6
28. b3 Rxd1 29. Rxd1 Nd5 30. Bb2 Ne3 31. Rd7 Be4 32. g4 Nxc2 33. Ng6 Nd4 34.
Bxd4 cxd4 35. Rxd4 Bc2 36. Rd7 Bxb3 37. Rxa7 Kh7 38. Nf4 Bc4 39. Nh5 Rg8 40.
Nf6+ 1-0

[Event "Ct. Catalunya femeni"]
[Site "?"]
[Date "2013.03.30"]
[Round "3"]
[White "Terrones Launes, M."]
[Black "Riera Morilla, E."]
[Result "0-1"]
[WhiteElo "1975"]
[BlackElo "1976"]
[PlyCount "88"]
[EventDate "2013.??.??"]
[EventType "swiss"]
[EventRounds "5"]

1. e4 e5 2. Nf3 Nc6 3. d4 exd4 4. Nxd4 Bc5 5. Nxc6 Qf6 6. Qd2 Qxc6 7. Nc3 Bb4
8. Bd3 Ne7 9. O-O O-O 10. a3 Bxc3 11. bxc3 d5 12. Re1 dxe4 13. Bxe4 Qf6 14. Qf4
Qxc3 15. Bd2 Qf6 16. Qxc7 Nc6 17. Qg3 h6 18. Bc3 Qg5 19. Qxg5 hxg5 20. Rad1 Be6
21. Bd2 g4 22. Rb1 Rad8 23. Be3 Rd7 24. f3 Rc8 25. c3 b6 26. Rbd1 Rxd1 27. Rxd1
gxf3 28. Bxf3 Na5 29. Bd4 Nc4 30. Ra1 Nd2 31. Bd1 f6 32. Bc2 Kf7 33. Kf2 Rh8
34. h3 Rh5 35. Rd1 Nc4 36. Ra1 Ra5 37. a4 b5 38. Bb3 Nb2 39. c4 bxc4 40. Bxb2
cxb3 41. Bc3 Rc5 42. Rc1 Kg6 43. a5 Rxc3 44. Rxc3 b2 0-1

[Event "Ct. Catalunya femeni"]
[Site "?"]
[Date "2013.03.31"]
[Round "4"]
[White "Las Heras Aixandri, S."]
[Black "Arno Bendicho, X."]
[Result "1-0"]
[WhiteElo "1559"]
[BlackElo "1609"]
[PlyCount "71"]
[EventDate "2013.??.??"]
[EventType "swiss"]
[EventRounds "5"]

1. e4 c5 2. Nf3 Nc6 3. d4 cxd4 4. Nxd4 g6 5. Nc3 Bg7 6. Be3 Nf6 7. Bc4 a6 8. h3
O-O 9. Qd2 b5 10. Bb3 Bb7 11. Nxc6 dxc6 12. e5 Qxd2+ 13. Bxd2 Nd5 14. Nxd5 cxd5
15. Bc3 d4 16. Bxd4 Bxg2 17. Rg1 Bxh3 18. O-O-O e6 19. Bc5 Rfc8 20. Bd6 Bf5 21.
f4 a5 22. c3 b4 23. Rg3 a4 24. Bc2 bxc3 25. Rxc3 a3 26. Bxf5 axb2+ 27. Kxb2
Rxc3 28. Kxc3 exf5 29. Kb3 Bf8 30. a4 h5 31. Kb4 Bxd6+ 32. exd6 Kf8 33. Re1
Rb8+ 34. Kc5 Rb2 35. d7 Rc2+ 36. Kb6 1-0

[Event "Ct. Catalunya femeni"]
[Site "?"]
[Date "2013.03.31"]
[Round "4"]
[White "Martin Dinares, L."]
[Black "Martinez Arranz, L."]
[Result "1-0"]
[WhiteElo "1565"]
[BlackElo "1373"]
[PlyCount "131"]
[EventDate "2013.??.??"]
[EventType "swiss"]
[EventRounds "5"]

1. e4 e5 2. Nf3 Nc6 3. Bb5 a6 4. Ba4 Nf6 5. d3 h6 6. Bxc6 dxc6 7. Nxe5 Bd6 8.
Nf3 Bg4 9. Nbd2 O-O 10. O-O Re8 11. a3 Qd7 12. b3 Qe7 13. Bb2 Bf4 14. Qe1 Rad8
15. Rb1 Nd7 16. h3 Bh5 17. Nd4 Bg6 18. N2f3 c5 19. Ne2 Bd6 20. Qd2 Bh5 21. Ne1
Be5 22. Ng3 Bg6 23. Nf3 Bxb2 24. Rxb2 Ne5 25. Nxe5 Qxe5 26. Rbb1 Rf8 27. f4 Qe7
28. f5 Bh7 29. Rf4 Qe5 30. Rg4 Rd6 31. Nh5 g5 32. Rf1 b5 33. Nf4 c4 34. bxc4
bxc4 35. h4 f6 36. hxg5 fxg5 37. Rf3 Qa1+ 38. Kf2 Qxa3 39. Rh3 cxd3 40. Rxd3
Rxd3 41. Qxd3 Qxd3 42. cxd3 a5 43. Ne6 Rf7 44. Rg3 a4 45. d4 c6 46. Ra3 Ra7 47.
Nc5 Kf7 48. Rxa4 Rxa4 49. Nxa4 Ke7 50. Nc5 Bg8 51. g4 Kd6 52. Ke3 Bf7 53. Nb7+
Kc7 54. Nc5 Kd6 55. Nd3 Kc7 56. e5 Be8 57. Nc5 Kc8 58. Ke4 Kc7 59. Ne6+ Kc8 60.
d5 cxd5+ 61. Kxd5 Bf7 62. Kd6 Bxe6 63. Kxe6 Kd8 64. Kf7 Kd7 65. e6+ Kd6 66. e7
1-0

[Event "Ct. Catalunya femeni"]
[Site "?"]
[Date "2013.03.31"]
[Round "4"]
[White "Martin Dinares, S."]
[Black "Montoliu Daroca, I."]
[Result "1/2-1/2"]
[WhiteElo "1640"]
[BlackElo "1799"]
[PlyCount "82"]
[EventDate "2013.??.??"]
[EventType "swiss"]
[EventRounds "5"]

1. c4 e5 2. Nc3 Nc6 3. g3 f5 4. e3 Nf6 5. Bg2 g6 6. Nge2 Bg7 7. O-O O-O 8. d4
e4 9. f3 exf3 10. Bxf3 Ne7 11. Rb1 a5 12. a3 c6 13. b4 axb4 14. axb4 d5 15. c5
Ne4 16. Na4 Be6 17. Qb3 Bf7 18. Rb2 h5 19. Ra2 Nc8 20. Nf4 h4 21. g4 fxg4 22.
Bxg4 Ne7 23. Nb6 Rxa2 24. Qxa2 Nf5 25. Qe2 Qg5 26. Nh3 Qe7 27. Bxf5 gxf5 28.
Rxf5 Be6 29. Rxf8+ Qxf8 30. Nf4 Bf5 31. b5 Nc3 32. Qf1 Nxb5 33. Nfxd5 Nxd4 34.
exd4 Bxd4+ 35. Be3 Bxe3+ 36. Nxe3 Qxc5 37. Qxf5 Qxe3+ 38. Qf2 Qc1+ 39. Qf1 Qc5+
40. Qf2 Qc1+ 41. Qf1 Qc5+ 1/2-1/2

[Event "Ct. Catalunya femeni"]
[Site "?"]
[Date "2013.03.31"]
[Round "4"]
[White "Muratet Carmona, A."]
[Black "Terrones Launes, M."]
[Result "0-1"]
[WhiteElo "1708"]
[BlackElo "1975"]
[PlyCount "90"]
[EventDate "2013.??.??"]
[EventType "swiss"]
[EventRounds "5"]

1. e4 e5 2. Nf3 Nc6 3. d4 exd4 4. Nxd4 Bc5 5. Be3 Qf6 6. c3 Nge7 7. g3 b6 8. f4
Bb7 9. Bg2 O-O-O 10. b4 Bxd4 11. Bxd4 Nxd4 12. cxd4 d5 13. e5 Qc6 14. Nd2 Qc3
15. Rc1 Qxd4 16. Qc2 Qe3+ 17. Kd1 c6 18. Nb3 Ba6 19. Re1 Qd3+ 20. Qxd3 Bxd3 21.
Nd4 Bc4 22. a3 c5 23. bxc5 bxc5 24. Nf3 Bb3+ 25. Kd2 c4 26. Nd4 Ba4 27. Rc3 Kc7
28. f5 Nc6 29. Nf3 h6 30. f6 gxf6 31. e6 fxe6 32. Rxe6 Rd6 33. Rce3 d4 34. Re1
c3+ 35. Kd3 Ne5+ 36. Nxe5 Rxe6 37. Nf3 Rxe1 38. Nxe1 Rd8 39. Be4 Bb5+ 40. Kc2
Kd6 41. Nf3 Kc5 42. Kb3 Re8 43. Bg6 Bc4+ 44. Kc2 Re2+ 45. Kc1 d3 0-1

[Event "Ct. Catalunya femeni"]
[Site "?"]
[Date "2013.03.31"]
[Round "4"]
[White "Riera Morilla, E."]
[Black "Marin Benito, C."]
[Result "1-0"]
[WhiteElo "1976"]
[BlackElo "1895"]
[PlyCount "56"]
[EventDate "2013.??.??"]
[EventType "swiss"]
[EventRounds "5"]

1. e4 e5 2. Bc4 Nf6 3. d3 Bc5 4. Nf3 d6 5. c3 Nc6 6. Bg5 Bb6 7. Nbd2 h6 8. Be3
O-O 9. Bb5 Qe7 10. Nf1 d5 11. Bxb6 axb6 12. Ng3 Rd8 13. Qe2 dxe4 14. dxe4 Bg4
15. h3 Bxf3 16. Qxf3 Qc5 17. a4 Ne7 18. b4 Qd6 19. O-O Qe6 20. Rfe1 c6 21. Bf1
Nc8 22. Qe3 Qe7 23. Bc4 c5 24. Nf5 Qc7 25. Qg3 Nh5 26. Qg4 cxb4 27. Nxh6+ Kf8
28. Nxf7 Re8 1-0

[Event "Ct. Catalunya femeni"]
[Site "?"]
[Date "2013.03.31"]
[Round "4"]
[White "Ruiz Font, E."]
[Black "Cabanillas Roca, F."]
[Result "1-0"]
[WhiteElo "2062"]
[BlackElo "1798"]
[PlyCount "81"]
[EventDate "2013.??.??"]
[EventType "swiss"]
[EventRounds "5"]

1. e4 e5 2. Nf3 Nf6 3. Nxe5 d6 4. Nf3 Nxe4 5. Nc3 Nxc3 6. dxc3 Nc6 7. Bf4 Be7
8. Qd2 Be6 9. b3 h6 10. h4 Bf6 11. O-O-O a5 12. a4 Qe7 13. Bb5 O-O 14. Kb1 Na7
15. Bd3 b5 16. axb5 d5 17. Kb2 Rfb8 18. Qe2 Qc5 19. Be5 Bxe5 20. Nxe5 Nxb5 21.
Bxb5 Rxb5 22. Nd3 Qb6 23. Ra1 d4 24. Kc1 dxc3 25. Ra4 c5 26. Ne5 Rb4 27. Ra1
Bxb3 28. cxb3 Rxb3 29. Qc2 Qb4 30. Nd3 Qd4 31. Qxb3 Qxd3 32. Rd1 Qf5 33. Qxc3
a4 34. Qf3 Qc8 35. Ra2 Qa6 36. Qd3 Qe6 37. Qd5 Qa6 38. Re1 Qa7 39. Rae2 Kh7 40.
Re7 Qa5 41. Qf5+ 1-0

[Event "Ct. Catalunya femeni"]
[Site "?"]
[Date "2013.04.01"]
[Round "5"]
[White "Arno Bendicho, X."]
[Black "Marin Benito, C."]
[Result "0-1"]
[WhiteElo "1609"]
[BlackElo "1895"]
[PlyCount "108"]
[EventDate "2013.??.??"]
[EventType "swiss"]
[EventRounds "5"]

1. d4 Nf6 2. Nf3 g6 3. Bg5 Bg7 4. e3 O-O 5. Bd3 d6 6. Nbd2 Nbd7 7. e4 e5 8.
Bxf6 Qxf6 9. d5 Qe7 10. b4 f5 11. Rb1 Nf6 12. c4 fxe4 13. Nxe4 Bg4 14. h3 Bxf3
15. gxf3 Nh5 16. Be2 Nf4 17. h4 Bh6 18. Bf1 Rf7 19. Rb3 Raf8 20. b5 Nh5 21. Bh3
Qxh4 22. Bg2 Qf4 23. Ke2 Nf6 24. Re3 Nh5 25. Qg1 Ng7 26. Bh3 Nf5 27. Bxf5 Rxf5
28. Qg2 R5f7 29. Qh3 Bg5 30. Rg1 Be7 31. Rc3 Qf5 32. Qh6 Qf4 33. Qh3 Qh4 34.
Qg2 Rg7 35. Rh1 Qf4 36. Qh3 Qf5 37. Qh6 Qd7 38. Rcc1 Rf4 39. Qh3 Qxh3 40. Rxh3
Rh4 41. Rg3 Rf7 42. Rc3 Rff4 43. Ra3 b6 44. Rxa7 Bd8 45. Ra8 Rf8 46. Ra3 Rh1
47. Nd2 Kg7 48. Rc3 h5 49. Nf1 Rh4 50. a4 Rhf4 51. Rh3 Kh6 52. Nd2 g5 53. Rh2
h4 54. Rc1 Kh5 0-1

[Event "Ct. Catalunya femeni"]
[Site "?"]
[Date "2013.04.01"]
[Round "5"]
[White "Cabanillas Roca, F."]
[Black "Las Heras Aixandri, S."]
[Result "1-0"]
[WhiteElo "1798"]
[BlackElo "1559"]
[PlyCount "129"]
[EventDate "2013.??.??"]
[EventType "swiss"]
[EventRounds "5"]

1. e4 c5 2. Nf3 Nc6 3. Bb5 g6 4. Bxc6 dxc6 5. h3 Bg7 6. d3 Nf6 7. Nc3 O-O 8.
O-O Bd7 9. Be3 Qb6 10. Na4 Qb5 11. c4 Qa5 12. Nxc5 b6 13. Nb3 Qb4 14. Qc2 b5
15. Bc5 Qa4 16. Bxe7 Rfc8 17. Nbd4 Qxc2 18. Nxc2 bxc4 19. Bxf6 Bxf6 20. d4 Rab8
21. Rab1 Re8 22. e5 Bf5 23. Nfe1 Bg5 24. g4 Be4 25. f3 Bd3 26. Rf2 Be3 27. Nxd3
Bxf2+ 28. Nxf2 c3 29. b3 c5 30. f4 cxd4 31. Nxd4 Rbd8 32. Nb5 c2 33. Rc1 Rd2
34. Kf1 Red8 35. Nd6 Rd7 36. Ke1 Rd4 37. Nfe4 Rd1+ 38. Rxd1 cxd1=Q+ 39. Kxd1
Kg7 40. Ke2 Rc7 41. Nc4 Rc6 42. Kd3 Rc7 43. Ned6 Rd7 44. Ke4 Kf8 45. Kd5 Ke7
46. f5 gxf5 47. gxf5 Rd8 48. f6+ Kf8 49. Nd2 Rd7 50. N2e4 a5 51. Kc6 Rd8 52.
Ng5 Ra8 53. Ngxf7 a4 54. Ng5 axb3 55. axb3 Ra6+ 56. Kb5 Ra7 57. Kb6 Rd7 58. b4
h6 59. Nge4 h5 60. Kc6 Rh7 61. b5 Kg8 62. b6 Rh8 63. b7 Kh7 64. Nc8 h4 65. b8=Q
1-0

[Event "Ct. Catalunya femeni"]
[Site "?"]
[Date "2013.04.01"]
[Round "5"]
[White "Martin Dinares, L."]
[Black "Muratet Carmona, J."]
[Result "0-1"]
[WhiteElo "1565"]
[BlackElo "1737"]
[PlyCount "85"]
[EventDate "2013.??.??"]
[EventType "swiss"]
[EventRounds "5"]

1. e4 e5 2. Nc3 Nc6 3. Bc4 Nf6 4. d3 h6 5. Nf3 Bc5 6. Qe2 d6 7. h3 O-O 8. Bd2
a6 9. O-O Re8 10. a3 Be6 11. Ba2 Bxa2 12. Nxa2 d5 13. Rad1 Qe7 14. Nc3 Rad8 15.
exd5 Nxd5 16. Nxd5 Rxd5 17. Be3 Nd4 18. Bxd4 Bxd4 19. Nxd4 Rxd4 20. Rfe1 Qg5
21. Qe3 Rf4 22. d4 e4 23. g3 Rf3 24. Qxg5 hxg5 25. Kg2 f5 26. c4 Rb3 27. Rd2
Re6 28. Re3 Rxe3 29. fxe3 Rb6 30. b4 Kf7 31. d5 Rd6 32. c5 Rd8 33. Rd4 Kf6 34.
g4 g6 35. Rd1 Ke5 36. d6 cxd6 37. Rxd6 Rxd6 38. cxd6 Kxd6 39. Kf2 Kd5 40. Kg3
Kc4 41. gxf5 gxf5 42. h4 gxh4+ 43. Kxh4 0-1